Freud : la filosofía y los filósofos /

El propósito de esta obra es responder a la pregunta: ¿qué era la filosofía y qué eran los filósofos para el fundador del psicoanálisis? Respuesta postergada a la especulación filosófica.

Na minha lista:
Detalhes bibliográficos
Autor principal: Assoun, Paul-Laurent (autor)
Formato: Livro
Idioma:espanhol
Publicado em: Barcelona, España : Paidós, 1982
Assuntos:
Tags: Adicionar Tag
Sem tags, seja o primeiro a adicionar uma tag!

MARC

LEADER 00000nam^a2200000^a^4500
001 000001269
005 20250521000000.0
009 20260310083100.538
020 |a 84-7509-184-9 
037 |a Acervo ITESO - Biblioteca 
041 |a ESP 
082 |a 107.  |b ASS 
100 |a Assoun, Paul-Laurent  |e (autor) 
245 1 0 |a Freud :  |b la filosofía y los filósofos /  |c P.L. Assoun ; tr. por Alberto Luis Bixio. 
264 1 |a Barcelona, España :  |b Paidós,  |c 1982 
300 |a 246 p. 
336 |a texto  |b txt  |2 rdacontenido 
337 |a sin mediación  |b n  |2 rdamedio 
338 |a volumen  |b nc  |2 rdasoporte 
500 |a Traducción de: Freud: La Philosophie et les Philosophes 
520 |a El propósito de esta obra es responder a la pregunta: ¿qué era la filosofía y qué eran los filósofos para el fundador del psicoanálisis? Respuesta postergada a la especulación filosófica. 
649 |a XX 
650 |a Psicología 
650 |a Psicoanálisis 
650 |a Epistemología 
650 |a Filosofía 
910 |a Fondo General 
920 |a Impresos - Libros 
930 |a Colección General 
905 |a 101 
901 |a 0012690100  |b IT1  |c ACC  |i 001269  |u 20250521 
901 |a 0012690200  |b IT1  |c ACC  |i 900085  |u 20250521 
902 |a https://opac.biblio.iteso.mx/vufind/Record/000001269